Star Wars: Episode III Revenge of the Sith A-Z - Statistics

General Stats
  • This quiz has been taken 85 times
  • The average score is 17 of 24
Answer Stats
Letter Hint Answer % Correct
E Sheev Palpatine forms the first Galactic... Empire
99%
H "It's over, Anakin, I have the..." High Ground
97%
C Clone trooper who turns on his friend Obi-Wan Cody
96%
L The weapon of a Jedi Lightsaber
94%
B Republic Senator who represents his homeworld of Alderaan Bail Organa
93%
M Lava planet where Anakin and Obi-Wan duel Mustafar
91%
T Padmé gives birth to... Twins
91%
G Four-armed cyborg General Grievous
90%
J Anakin leads the 501st Legion to attack the... Jedi Temple
88%
O Execute Order 66
88%
Y Anakin slaughters a room full of Jedi... Younglings
88%
D Have you heard the tragedy of... Darth Plagueis the Wise
87%
U Planet where Obi-Wan fights the four-armed cyborg Utapau
74%
K Nautolan Jedi Master who helps Mace Windu fight Sheev Palpatine Kit Fisto
72%
P Kel Dor Jedi Master who was shot down and executed Plo Koon
71%
F Planet Jedi Master Aayla Secura is on when she gets executed Felucia
60%
W Sentient species native to Kashyyyk Wookiee
53%
A Zabrak Jedi Master who helps Mace Windu fight Sheev Palpatine Agen Kolar
51%
V Attack cruiser used by the Galactic Republic {Venator}-class Star Destroyer
44%
S Planet Jedi Master Stass Allie is on when she gets executed Saleucami
29%
I Droid bodyguards that use electrostaffs IG-100 MagnaGuard
28%
R R2-D2 and C-3PO are left in the care of this Captain Raymus Antilles
28%
N Nute Gunray is a member of this species Neimoidian
24%
Z Human Padawan who is executed in front of the Alderaan Senator Zett Jukassa
21%
No matching quizzes found
Score Distribution
Percent of People with Each Score
Percentile by Number Answered
Your Score History
You have not taken this quiz